00308nam a2200121Ia 4500008004100000082001500041100001600056245004400072250000800116260004600124300000800170650000800178191201s2012 xx 000 0 und d a658.3bRAE aRAO,P Subba 0aEssentials of Human Resource Management aRev aN.DelhibHimalaya Publication Housec2012 a685 aMBA